Catálogo público

Comercial Fruit Processing / (Record no. 173374)

MARC details
000 -CABECERA
campo de control de longitud fija 00629nam a2200229Ia 4500
001 - NÚMERO DE CONTROL
campo de control dia_2876
003 - IDENTIFICADOR DEL NÚMERO DE CONTROL
campo de control CHAP
005 - FECHA Y HORA DE LA ÚLTIMA TRANSACCIÓN
campo de control 20230331091212.0
008 - DATOS DE LONGITUD FIJA--INFORMACIÓN GENERAL
campo de control de longitud fija 220117s1975 xx 000 0 und d
010 ## - NÚMERO DE CONTROL DE LA BIBLIOTECA DEL CONGRESO
Número de control de LC 173374
040 ## - FUENTE DE LA CATALOGACIÓN
Centro/agencia transcriptor CHAP
082 ## - NÚMERO DE LA CLASIFICACIÓN DECIMAL DEWEY
Número de clasificación 664.8 W6
100 ## - ENTRADA PRINCIPAL--NOMBRE DE PERSONA
Nombre de persona Woodroof, Jasper Guy
9 (RLIN) 122560
245 ## - MENCIÓN DE TÍTULO
Título Comercial Fruit Processing /
Mención de responsabilidad, etc. by Jasper Guy Woodroof
260 ## - PUBLICACIÓN, DISTRIBUCIÓN, ETC.
Lugar de publicación, distribución, etc. Westport, Connecticut, Avi
Fecha de publicación, distribución, etc. 1975
300 ## - DESCRIPCIÓN FÍSICA
Extensión 710 p.
650 ## - PUNTO DE ACCESO ADICIONAL DE MATERIA--TÉRMINO DE MATERIA
Término de materia o nombre geográfico como elemento de entrada Fruta
Subdivisión general comercialización
9 (RLIN) 148950
901 ## - ELEMENTOS DE DATOS A LOCAL LDA (RLIN)
a 664.8 W6
902 ## - ELEMENTOS DE DATOS B LOCAL, LDB (RLIN)
a M
905 ## - ELEMENTOS DE DATOS E LOCAL, LDE (RLIN)
a 0000001975 WES 0000000000ING00
942 ## - ELEMENTOS DE PUNTO DE ACCESO ADICIONAL (KOHA)
Tipo de ítem Koha Libro
Fuente del sistema de clasificación o colocación Dewey Decimal Classification
Holdings
Estado de retiro Estado de pérdida Fuente del sistema de clasificación o colocación Estado dañado No para préstamo Código de colección Localización permanente Ubicación/localización actual Fecha de adquisición Información codificada de la localización en otra ubicación Total de préstamos Signatura topográfica completa Código de barras Fecha visto por última vez Fecha del último préstamo Precio válido a partir de Tipo de ítem Koha Número de copia Restricciones de uso Fuente de adquisición Coste, precio normal de compra Número de inventario
    Dewey Decimal Classification     General Ingenieria Agroindustrial Ingenieria Agroindustrial 18/01/2022 1 1 664.8 W6 dia_1838 19/08/2022 19/08/2022 18/01/2022 Libro          
    Dewey Decimal Classification     General Ingenieria Agroindustrial Ingenieria Agroindustrial 18/01/2022 1   664.8 W6 dia_1270 18/01/2022   18/01/2022 Libro 3        
    Dewey Decimal Classification     General Ingenieria Agroindustrial Ingenieria Agroindustrial 18/01/2022     664.8 W6 dia_1778 18/01/2022     Libro Ej.1 Préstamo interno Compra Librería F. / R. 25108 (24/09/1990) 1483.00 118956